000 00296nam a2200121Ia 4500
008 191206s9999 xx 000 0 und d
020 _a9.78178E+12
090 _aMLCS01353P
245 0 _aWriting Lives
260 _cc2013
300 _a"ix, 96 pages ; 21 cm"
999 _c17330
_d17330